000 00613nam a2200193Ia 4500
005 20260114185833.0
008 008 260114s9999 xx 000 0 eng d
020 _a9780755619696
037 _aEBOOK
040 _aCRL
_beng
_cCRL
041 _aeng
_2eng
084 _qCRL
100 _aLisa Dikomitis
_9875016
245 0 _aCyprus and its Places of Desire Cultures of Displacement among Greek and Turkish Cypriot Refugees
260 _bBloomsbury
_c2012
856 _uhttps://doi.org/10.5040/9780755619696?locatt=label:secondary_bloomsburyCollections
942 _cEBOOK
999 _c1473950
_d1473950